00301nam a2200121Ia 4500008004100000100002000041245002800061260003900089300000900128650001800137942000700155999001700162190216s9999||||xx |||||||||||||| ||und|| aBenjamin Jonson 0aEvery Man In His Humour bUniversity Tutorial Prss Ltdc1965 a128p aEnglish Drama cBK c12294d12294